<?xml version="1.0" encoding="UTF-8"?>
<record
    xmlns:xsi="http://www.w3.org/2001/XMLSchema-instance"
    xsi:schemaLocation="http://www.loc.gov/MARC21/slim http://www.loc.gov/standards/marcxml/schema/MARC21slim.xsd"
    xmlns="http://www.loc.gov/MARC21/slim">

  <leader>01505nam a2200241 a 4500</leader>
  <controlfield tag="001">ASIN8488386567</controlfield>
  <controlfield tag="003">OSt</controlfield>
  <controlfield tag="005">20180116192420.0</controlfield>
  <controlfield tag="008">140128s2009    xxu                 eng d</controlfield>
  <datafield tag="020" ind1=" " ind2=" ">
    <subfield code="a">8488386567 (paperback)</subfield>
    <subfield code="c">$81.00</subfield>
  </datafield>
  <datafield tag="020" ind1=" " ind2=" ">
    <subfield code="a">9788488386564 (paperback)</subfield>
  </datafield>
  <datafield tag="040" ind1=" " ind2=" ">
    <subfield code="c">sada</subfield>
  </datafield>
  <datafield tag="082" ind1=" " ind2=" ">
    <subfield code="a">720.952</subfield>
    <subfield code="b">ITO 2009</subfield>
  </datafield>
  <datafield tag="100" ind1="1" ind2=" ">
    <subfield code="a">Ito, Toyo </subfield>
    <subfield code="9">7251</subfield>
  </datafield>
  <datafield tag="245" ind1="1" ind2="3">
    <subfield code="a">2005-2009 : espacio l&#xED;quido = liquid space</subfield>
    <subfield code="c">Toyo Ito</subfield>
  </datafield>
  <datafield tag="260" ind1=" " ind2=" ">
    <subfield code="a">[S.l.] :</subfield>
    <subfield code="b">El Croquis,</subfield>
    <subfield code="c">2009.</subfield>
  </datafield>
  <datafield tag="300" ind1=" " ind2=" ">
    <subfield code="a">232 p. ;</subfield>
    <subfield code="c">34 cm.</subfield>
  </datafield>
  <datafield tag="490" ind1="1" ind2=" ">
    <subfield code="a">English and spanish edition.</subfield>
  </datafield>
  <datafield tag="520" ind1=" " ind2=" ">
    <subfield code="a">Bringing together recent works and projects undertaken between 2005 and 2009, this collection emphasises Toyo Ito s consistent ability to create engaging designs for a diverse range of predominantly public facilities. Among the 15 projects featured in this issue are designs for the Fukuoka Island City Central Park Grin Grin, the Meiso no Mori Municipal Funeral Hall, Tama Art University Library, the White O project, the New Deichman Main Library, Oslo and the Market Street Tower, Singapore. Introduced by an interview between the architect and Sou Fujimoto and followed by and exploratory essay from Mohsen Mostafavi, all works are accompanied by full-page colour photographs and images, along with plans, elevations, Ito s delicate models and explanatory sketches.</subfield>
  </datafield>
  <datafield tag="830" ind1=" " ind2="0">
    <subfield code="a">English and spanish edition.</subfield>
    <subfield code="9">7252</subfield>
  </datafield>
  <datafield tag="856" ind1="4" ind2="0">
    <subfield code="3">Amazon.com</subfield>
    <subfield code="u">http://www.amazon.com/exec/obidos/ASIN/8488386567/chopaconline-20</subfield>
  </datafield>
  <datafield tag="942" ind1=" " ind2=" ">
    <subfield code="2">ddc</subfield>
    <subfield code="c">BK</subfield>
  </datafield>
  <datafield tag="999" ind1=" " ind2=" ">
    <subfield code="c">353876</subfield>
    <subfield code="d">353876</subfield>
  </datafield>
  <datafield tag="952" ind1=" " ind2=" ">
    <subfield code="0">0</subfield>
    <subfield code="1">0</subfield>
    <subfield code="2">ddc</subfield>
    <subfield code="4">0</subfield>
    <subfield code="7">0</subfield>
    <subfield code="a">SADA</subfield>
    <subfield code="b">SADA</subfield>
    <subfield code="d">2014-01-23</subfield>
    <subfield code="l">3</subfield>
    <subfield code="m">2</subfield>
    <subfield code="o">720.952 ITO 2009</subfield>
    <subfield code="p">SADA0002209</subfield>
    <subfield code="r">2015-10-08</subfield>
    <subfield code="s">2015-09-22</subfield>
    <subfield code="v">9045.43</subfield>
    <subfield code="w">2014-01-28</subfield>
    <subfield code="y">BK</subfield>
  </datafield>
</record>
